Statistics for Most Visited Countries by Russians

Click here to take the quiz!

General Stats

  • This quiz has been taken 1,066 times
  • The average score is 7 of 9

Answer Stats

#Travel destination% Correct
787,200China
93%
638,100Germany
84%
2,700,000Turkey
82%
605,500Italy
82%
887,100Spain
79%
1,100,000Greece
72%
787,100Finland
66%
1,400,000Egypt
49%
683,000Thailand
46%

Score Distribution

Percentile by Number Answered

Percent of People with Each Score

Your Score History

You have not taken this quiz